| 000 | 00348nam a2200133Ia 4500 | ||
|---|---|---|---|
| 008 | 130318s9999 xx 000 0 und d | ||
| 020 | _a9788177581546 | ||
| 082 | _a005.18 SIM/E | ||
| 100 | _aSimon, David | ||
| 245 | _aAn embedded software primer | ||
| 260 |
_bPearson Education _aNew Delhi _c1999 |
||
| 300 |
_a443 _e1 CD |
||
| 650 | _aEMBEDDED SYSTEMS | ||
| 999 |
_c1684 _d1684 |
||